000 00597nam a22002057a 4500
005 20251108173116.0
008 250721s2003 xx 000 0 ara d
082 1 4 _a632.95/سلا
100 1 _aسلامة، أحمد خميس
245 1 0 _aالمبيدات و سميتها للإنسان و البيئة /
264 1 _aالقاهرة :
_bبستان المعرفة،
_c2003.
300 _a463ص
650 1 7 _aالزراعة
650 1 7 _aالمبيدات
650 1 7 _aالتلوث
650 1 7 _aحماية البيئة
650 1 7 _aالسموم
942 _2ddc
_cBK
999 _c96229
_d96229